| 000 | 00360nam a2200133Ia 4500 | ||
|---|---|---|---|
| 008 | 240624s9999 xx 000 0 und d | ||
| 041 | _aeng | ||
| 082 | _a658.4 WES | ||
| 100 | _aWESTON J FRED | ||
| 245 | _aTAKEOVERS RESTRUCTURING AND CORPORATE GO | ||
| 250 | _a(4th ed.) | ||
| 260 |
_c2009 _aNew Delhi _bPearson Education India |
||
| 300 | _a718 : p. : cm. ; 24 | ||
| 999 |
_c20346 _d20346 |
||